| 000 | 00462nam a2200157 i 4500 | ||
|---|---|---|---|
| 001 | 64563 | ||
| 003 | ES-MaACL | ||
| 005 | 20230906165147.0 | ||
| 007 | t| | ||
| 008 | 031229s1957 sp ||||1| spa d | ||
| 100 | 1 |
_aFontana, José María. _951599 |
|
| 245 | 1 | 4 |
_aLos españoles ante el año 2000 _b: cosmología de España / _cJosé María Fontana. |
| 260 |
_aMadrid : _bSamarán, _c1957. |
||
| 300 |
_a667 p. ; _c19 cm. |
||
| 852 |
_aES-MaACL _jC-14764 _bR.45101 |
||
| 999 |
_c64563 _d64563 |
||